Dictionary Of Statistics, (Record no. 6507)

MARC details
005 - DATE AND TIME OF LATEST TRANSACTION
control field 20250701102636.0
020 ## - INTERNATIONAL STANDARD BOOK NUMBER
International Standard Book Number 978-0-19-954145-4
082 ## - DEWEY DECIMAL CLASSIFICATION NUMBER
Classification number 519.503 UPT.
100 ## - MAIN ENTRY--PERSONAL NAME
Author name UPTON, G.
245 ## - TITLE STATEMENT
Title Dictionary Of Statistics,
250 ## - EDITION STATEMENT
Edition statement 4th Ed.
260 ## - PUBLICATION, DISTRIBUTION, ETC.
Place of publication, distribution, etc. New York,
Name of publisher, distributor, etc. Oxford University Press,
Date of publication, distribution, etc. 2008.
300 ## - PHYSICAL DESCRIPTION
Extent 451p.; Ill.; picture,
Dimensions 19cm.
942 ## - ADDED ENTRY ELEMENTS (KOHA)
Source of classification or shelving scheme Dewey Decimal Classification
Koha item type Books
Holdings
Date last seen Total checkouts Full call number Barcode Cost, replacement price Price effective from Koha item type Lost status Source of classification or shelving scheme Damaged status Not for loan Withdrawn status Home library Current library Shelving location Date acquired Cost, normal purchase price
07/01/2025   519.503UPT DOM0004614 150000.00 07/01/2025 Books   Dewey Decimal Classification       CBE Dodoma CBE Dodoma Reference Collection 07/01/2015 50000.00